000
00306nam a2200145Ia 4500
100
_a
Semyonov/L
650
_a
General
942
_c
BK
654
_a
Manual
245
_a
Storage Batteries Maintenance Manual
260
_b
Mir Publishers
_c
1961
082
_a
621.3
300
_a
271
546
_a
ENGLISH
999
_c
21902
_d
21902